000 00545nam a22001817a 4500
005 20251108164400.0
008 250721s1991 xx 000 0 ara d
082 1 4 _a413.124/عبد
100 1 _aمطر، عبد العزيز
245 1 0 _aتثقيف اللسان العربي :
_bبحوث لغوية /
264 1 _aالقاهرة :
_bدارا لمعارف،
_c1991.
300 _a382ص
650 1 7 _aاللغة العربية
650 1 7 _aالأخطاء
650 1 7 _aالأخطاء اللغوية
942 _2ddc
_cBK
999 _c10802
_d10802